000 00647nam a2200205Ia 4500
003 IN-BaIIA
008 211028s9999 xx 000 0 eng d
020 _a0-85274-138-3
040 _cIIA Library
080 _a520.362
_bVAU
100 _aVaughan, J. M.
_916432
245 4 _aThe fabry-perot interferometer
_c J. M. Vaughan
260 _aBristol
_bAdam Hilger
_c1989
300 _axix, 583p.
490 _aThe Adam Hilger series on optics and optoelectronics
650 _aAstronomy and astrophysics thesaurus
650 _aFabry-Perot
_914583
650 _aInterferometers
_92643
942 _cBK
999 _c9717
_d9717